[Event "Triandria op"]
[Site "Triandria"]
[Date "2008.05.01"]
[Round "3.2"]
[White "Pilas, Georgios"]
[Black "Gavriilidis, Georgios"]
[Result "0-1"]
[WhiteElo "1865"]
[BlackElo "2098"]
[PlyCount "84"]
[EventDate "2008.05.01"]
[EventType "swiss"]
[EventRounds "7"]
[EventCountry "GRE"]
[SourceTitle "EXT 2024"]
[Source "ChessBase"]
[SourceDate "2023.10.10"]
[SourceVersion "1"]
[SourceVersionDate "2023.10.10"]
[SourceQuality "1"]

1. d4 g6 2. c4 Bg7 3. Nf3 Nf6 4. Nc3 0-0 5. e4 d6 6. Be2 e5 7. d5 a5 8. 0-0 Nh5 9. Ne1 Nf4 10. Nd3 Qg5 11. Bf3 Na6 12. Kh1 Qf6 13. Be3 Nxd3 14. Qxd3 Qe7 15. Bd1 f5 16. f3 f4 17. Bf2 h5 18. Na4 b6 19. a3 Bd7 20. Qd2 Qe8 21. Nc3 a4 22. b4 axb3 23. Bxb3 g5 24. a4 g4 25. Nb5 Qg6 26. Qe1 h4 27. fxg4 f3 28. g3 Bxg4 29. Bc2 Bh3 30. Rg1 Qg4 31. Ra3 Bg2+ 32. Rxg2 fxg2+ 33. Kxg2 h3+ 34. Kg1 Rf7 35. Bd1 Qg6 36. Bf3 Raf8 37. Qe2 Qf6 38. Be1 Nc5 39. a5 bxa5 40. Bxa5 Bh6 41. Bxc7 Qxf3 42. Rxf3 Rxf3 0-1